Chartered surveyors (Record no. 95483)
[ view plain ]
| 000 -LEADER | |
|---|---|
| fixed length control field | 01977cam a2200253 4500 |
| 001 - CONTROL NUMBER | |
| control field | i9780710060730 |
| 008 - FIXED-LENGTH DATA ELEMENTS--GENERAL INFORMATION | |
| fixed length control field | 071126s1968 xxka f 00 0deng |
| 020 ## - INTERNATIONAL STANDARD BOOK NUMBER | |
| International Standard Book Number | 0710060734 |
| 035 ## - SYSTEM CONTROL NUMBER | |
| System control number | (Sirsi) u72120 |
| 041 ## - LANGUAGE CODE | |
| Language code of text/sound track or separate title | eng |
| 050 04 - LIBRARY OF CONGRESS CALL NUMBER | |
| Classification number | 920 $2 18 |
| 100 1# - MAIN ENTRY--PERSONAL NAME | |
| Personal name | Thompson, Francis Michael Longstreth |
| 245 00 - TITLE STATEMENT | |
| Title | Chartered surveyors |
| Remainder of title | the growth of a profession |
| 260 ## - PUBLICATION, DISTRIBUTION, ETC. | |
| Place of publication, distribution, etc. | London |
| Name of publisher, distributor, etc. | Routledge and Kegan Paul |
| Date of publication, distribution, etc. | 1968 |
| 300 ## - PHYSICAL DESCRIPTION | |
| Extent | xvi, 400p., [69]p. of plates |
| Other physical details | ill. |
| Dimensions | 25cm. |
| 350 ## - PRICE (NR) (BK AM CF MU VM SE) [OBSOLETE] | |
| Price | 32 |
| 505 0# - FORMATTED CONTENTS NOTE | |
| Formatted contents note | The sixteeth-century surveyor -- Surveyors and the land, 1600-1800 -- Surveying in the early industrial revolution -- The origins of quantity surveying -- The rise of professional valuers -- Surveyors in the railway age -- The foundation of the Institution of Surveyors -- The Institution and professionalization -- The growth of qualfying examinations -- The education of surveyors -- The development of local self-government -- Home rule and imperialism -- Specializations and professional unity -- The Institution and the public -- |
| 505 0# - FORMATTED CONTENTS NOTE | |
| Formatted contents note | Appendices: Surveyors in the census -- Membership of the Institution -- The first examination papers, 1861 -- Professional earnings, 1955/56 -- Surveyors' salaries, 1946 and 1949 -- Surveyors' earnings, 1962/63 -- Analysis of type of practice of chartered surveyors, 1955 -- The Royal Institution of Chartered Surveyors in public life -- Presidents, honorary secretaries, and secretaries of the Institution -- Select biographical dictionary of surveyors and their associates: concise biographies -- knighthoods awarded to members of the Institution |
| 520 ## - SUMMARY, ETC. | |
| Summary, etc. | Published to mark the centenary of RICS this book provides a comprehensive history of the surveying profession and RICS' first 100 years. The text includes useful historical statistics for surveying and RICS members and reproductions of key documents. |
| 651 #4 - SUBJECT ADDED ENTRY--GEOGRAPHIC NAME | |
| Geographic name | United Kingdom |
| Chronological subdivision | |
| 690 ## - LOCAL SUBJECT ADDED ENTRY--TOPICAL TERM (OCLC, RLIN) | |
| Topical term or geographic name as entry element | ABOUT RICS |
| 942 ## - ADDED ENTRY ELEMENTS (KOHA) | |
| Suppress in OPAC | 0 |
| 948 ## - LOCAL PROCESSING INFORMATION (OCLC); SERIES PART DESIGNATOR (RLIN) | |
| c (OCLC) | 04/03/1997 |
| Withdrawn status | Lost status | Source of classification or shelving scheme | Damaged status | Not for loan | Home library | Current library | Shelving location | Date acquired | Cost, normal purchase price | Total Checkouts | Full call number | Barcode | Date last seen | Copy number | Cost, replacement price | Price effective from | Koha item type | Date last checked out |
|---|---|---|---|---|---|---|---|---|---|---|---|---|---|---|---|---|---|---|
| Dewey Decimal Classification | London | London | Reference copy | 14/09/1999 | 32.00 | 920 THO | 30000538 | 06/08/2019 | 1 | 32.00 | 06/08/2019 | Book | ||||||
| Missing | London | London | Missing | 14/09/1999 | 32.00 | 40 | 920 THO | 30026732 | 06/08/2019 | 2 | 32.00 | 06/08/2019 | Book | 19/01/2009 | ||||
| Dewey Decimal Classification | London | London | Books | 01/11/1993 | 32.00 | 25 | 920 THO | 30040011 | 06/08/2019 | 3 | 32.00 | 06/08/2019 | Book | 02/10/2009 | ||||
| Dewey Decimal Classification | London | London | Books | 03/05/2000 | 36 | 920 THO | 30061224 | 06/08/2019 | 4 | 06/08/2019 | Book | 13/04/2016 | ||||||
| Lost | London | London | Missing | 06/02/2008 | 4 | 920 THO | 30074443 | 06/08/2019 | 5 | 06/08/2019 | Book | 13/05/2008 |